Normal view
MARC view
- Ahmad Jaffari Raees
Entry Personal Name
001 - CONTROL NUMBER
- control field: 124781
003 - CONTROL NUMBER IDENTIFIER
- control field: NUST
005 - DATE AND TIME OF LATEST TRANSACTION
- control field: 20240725095410.0
008 - FIXED-LENGTH DATA ELEMENTS
- fixed length control field: 240725|| aca||aabn | a|a d
040 ## - CATALOGING SOURCE
- Original cataloging agency: NUST
- Transcribing agency: NUST
100 ## - HEADING--PERSONAL NAME
- Personal name: Ahmad Jaffari Raees
670 ## - SOURCE DATA FOUND
- Source citation: Work cat.: (NUST): Ahmad Jaffari Raees, Taghluq, 2018.
